000 00795nam a2200265 4500
003 OSt
005 20260601193844.0
008 260421b1979 enk |||| |||| 00| 0 eng d
040 _aICI
_bspa
_cICI
050 _aHD4904
_b.S38 1979
100 1 _aSchumacher, E. F.
_d1911-1977
_931210
245 1 _aGood work
_bE. F. Schumacher
250 _a1a edición
260 _aLondon
_bJonathan Cape
_c1979
300 _a147 páginas
_c20cm.
336 _atexto
_2rdacontent
337 _asin medio
_2rdamedia
338 _avolumen
_2rdacarrier
500 _aColección de ensayos sobre economía, trabajo y sociedad
650 _aTrabajo
_xAspectos sociales.
_931211
650 _aEconomía humana.
_931212
650 _aDesarrollo sostenible.
650 _aResponsabilidad social.
942 _2lcc
_cB
999 _c21580
_d21580